Normal view
MARC view
- Pavements- Asphalt- Testing - Congresses - Design and construction - Congresses
Entry Topical Term
001 - CONTROL NUMBER
- control field: 5081
003 - CONTROL NUMBER IDENTIFIER
- control field: JO-AjAnu
005 - DATE AND TIME OF LATEST TRANSACTION
- control field: 20230606071127.0
008 - FIXED-LENGTH DATA ELEMENTS
- fixed length control field: 230606|| aca||aabn | a|a d
040 ## - CATALOGING SOURCE
- Original cataloging agency: JO-AjAnu
- Transcribing agency: JO-AjAnu
150 ## - HEADING--TOPICAL TERM
- Topical term or geographic name entry element: Pavements- Asphalt- Testing - Congresses - Design and construction - Congresses
670 ## - SOURCE DATA FOUND
- Source citation: Work cat.: (JO-AjAnu)2625: Edited Walubita, Lubinda F… (et al), author 5080, Asphalt Material Characterization, Accelerated Testing, and Highway Management